မင်္ဂလာ့အမြုတေ (Record no. 40990)

000 -LEADER
fixed length control field 01131nam a22002057a 4500
005 - DATE AND TIME OF LATEST TRANSACTION
control field 20241028151724.0
008 - FIXED-LENGTH DATA ELEMENTS--GENERAL INFORMATION
fixed length control field 240708b ||||| |||| 00| 0 eng d
040 ## - CATALOGING SOURCE
Transcribing agency SSBUL
041 ## - LANGUAGE CODE
Language code of text/sound track or separate title Myanmar
082 ## - DEWEY DECIMAL CLASSIFICATION NUMBER
Edition number 23
Classification number ၂၉၄.၃၇၅ စန်
Item number ၁၃၁၇၈ S-SAT
100 0# - MAIN ENTRY--PERSONAL NAME
Personal name စန္ဒဇောတိ၊ ဉုး။
9 (RLIN) 46606
245 10 - TITLE STATEMENT
Title မင်္ဂလာ့အမြုတေ
Remainder of title ဝိုင်-အမ်-ဘီ-အေ မင်္ဂလာတရားတော်စာမေးပွဲများအတွက်ပဋ္ဌာန်းသည် /
Statement of responsibility, etc. ဉုးစန္ဒဇောတိ။
260 ## - PUBLICATION, DISTRIBUTION, ETC.
Place of publication, distribution, etc. ရန်ကုန် ၊
Name of publisher, distributor, etc. အုန်းပင်ပုံနှိပ်တိုက်၊
Date of publication, distribution, etc. ၁၉၇၀။
300 ## - PHYSICAL DESCRIPTION
Extent ဍ၊ ၄၂၁ စာ ၊
Dimensions ၁၈ စင်တီ။
500 ## - GENERAL NOTE
General note S-SAT: Dr. Sai Aung Tun
650 ## - SUBJECT ADDED ENTRY--TOPICAL TERM
Topical term or geographic name entry element မင်္ဂလာ။
9 (RLIN) 46607
Topical term or geographic name entry element ဗုဒ္ဓဘာသာ
General subdivision လေ့လာခြင်းနှင့်သင်ကြားခြင်း။
9 (RLIN) 46608
Topical term or geographic name entry element ဗုဒ္ဓဘာသာ
General subdivision စာမေးပွဲ
9 (RLIN) 55091
942 ## - ADDED ENTRY ELEMENTS (KOHA)
Source of classification or shelving scheme
Koha item type Book (Short term)
Holdings
Withdrawn status Lost status Source of classification or shelving scheme Damaged status Not for loan Collection code Permanent Location Current Location Shelving location Date acquired Total Checkouts Full call number Barcode Date last seen Price effective from Koha item type Accession
          Special Collections Shan State Buddhist University Library Shan State Buddhist University Library Special Collection Shelves 28/10/2024   ၂၉၄.၃၇၅ စန် ၁၃၁၇၈ S-SAT MB00013178 28/10/2024 28/10/2024 Book (Short term) ၁၃၁၇၈ S-SAT

Library - 09407999929
Admin Office - 09407999979
Dean Office - 09250910768
Registrar Office - 09892297154
Email - [email protected]
Shan State Buddhist University, Phaya Phyu Taunggyi, Shan State, Myanmar.